000 00486nam a2200193Ia 4500
005 20250114113056.0
008 131103s9999 xx 000 0 und d
040 _aLoreto College
041 _aEnglish
082 _a900
_bENS
100 _aEnsor, R. C. K.
245 _aWho hitler is
_cR. C. K. Ensor
260 _aOxford
_bOxford University Press
_c1939
300 _a32p.
440 _aPamphlets on world affairs; No.20
650 _aHistory
850 _aLCBED
942 _cBK
999 _c28887
_d79366